000 00281nam a22001097a 4500
082 _a339GRO.
245 _aGrowth poles and growth centres in regional planning.
260 _aParis.
_bMouton.
_c1972.
300 _ax, 306p.
_bill.; 23cm.
500 _aIncludes biography.
942 _cBK
999 _c13849
_d13849